| 000 | 00774nam a2200253 a 4500 | ||
|---|---|---|---|
| 005 | 20240831063806.0 | ||
| 008 | 160427s2005 es r 000 0 spa d | ||
| 020 | _a9786077689591 | ||
| 035 | _aUPN01000209825 | ||
| 049 | _aI | ||
| 050 | 4 |
_aPZ78 _bC3.53 |
|
| 100 | 1 |
_aCarranza, Maite, _d1958- _938852 |
|
| 245 | 1 | 0 |
_aMauro ojos brillantes / _cMaite Carranza ; il. Gemma Sales. |
| 260 |
_aBarcelona, Esp. : _bEdebé, _c2005. |
||
| 300 |
_a44 p. : _bil. col. |
||
| 440 | 0 |
_aTucán azul. _p+6 |
|
| 534 |
_pTitulo original: _tEn Maurici serell suat |
||
| 650 | 4 |
_aCuentos infantiles españoles _97725 |
|
| 650 | 4 |
_aEmociones en niños _vLiteratura infantil _921332 |
|
| 650 | 7 |
_aAbuelo y niño _2 _94036 |
|
| 905 | _aInfantil | ||
| 999 |
_c181926 _d181926 |
||